000 00655nam a2200181Ia 4500
008 100920s9999 xx 000 0 und d
082 _b106244
_a891.43 न 08
100 _aवेस्कर आर्नोल्ड/अनु:आचार्य नंदकिशोर.
245 _aमौसम -दर-मौसम.
260 _bसुर्य प्रकाशन मंदिर,बीकानेर.
_c2008
300 _a72
_bसाधी
365 _b100
520 _aहिंदी.
630 _aमौसम -दर-मौसम.
650 _aहिंदी.
730 _aमौसम -दर-मौसम.
942 _cBOOK
999 _c746675
_d746672